|
|
|
|
| LEADER |
01172nam a2200217 a 4500 |
| 001 |
15103 |
| 003 |
BD-DhAAL |
| 005 |
20181206160253.0 |
| 008 |
141125s2006 bg l000 0 ben |
| 999 |
|
|
|c 33129
|d 33129
|
| 040 |
|
|
|a DB-DhAAL
|c DB-DhAAL
|
| 082 |
0 |
0 |
|a 330.09549205
|2 22
|
| 245 |
1 |
0 |
|a বাংলাদেশ অর্থনৈতিক সমীক্ষা ২০০৬
|
| 260 |
|
|
|a ঢাকা :
|b গণপ্রজাতন্ত্রী বাংলাদেশ সরকার,
|c ২০০৬.
|
| 300 |
|
|
|a xviii, ২৪৪ পৃষ্ঠা :
|b চিত্র ;
|c ২৮ সে.মি.
|
| 541 |
1 |
|
|e 15103
|
| 651 |
|
|
|a Bangladesh
|x Economic Condition
|x Periodicals
|9 6023
|
| 710 |
2 |
|
|a গণপ্রজাতন্ত্রী বাংলাদেশ সরকার
|b অর্থনৈতিক উপদেষ্টা অনুবিভাগ, অর্থ বিভাগ, অর্থ মন্ত্রণালয়
|9 6022
|
| 852 |
4 |
|
|a Ayesha Abed Library
|j General Shelf.
|
| 942 |
|
|
|2 ddc
|c BK
|
| 952 |
|
|
|0 0
|1 0
|2 ddc
|4 0
|6 330_095492050000000_BAN
|7 0
|9 44228
|a BRACUL
|b BRACUL
|c GEN
|d 2014-11-25
|l 0
|o 330.09549205 BAN
|p 3010015103
|r 2014-11-25
|t 1
|w 2014-11-25
|y BK
|